000 00675nam a2200241Ia 4500
003 OSt
005 20220927110343.0
006 a|||||r|||| 00| 0
007 ta
008 220926b |||||||| |||| 00| 0 eng d
024 _a46387
037 _cReports
040 _aRTL
_cRTL
_beng
041 _2eng
_aeng
082 _a"X;8J:(T:55), v J0"
110 _aInstitute of chartered accountants of India
_9376509
245 0 _aR A final examination question papers 1935-49
260 _c1950
650 _aAudit
_9353217
700 _aInstitute of chartered accountants of India
_9376510
942 _h"X;8J:(T:55), v J0"
_cCC
999 _c695727
_d695727